[Event "BGC #60"]
[Site "Toronto CAN"]
[Date "2004.12.19"]
[Round "3"]
[White "Haziprodromu, Sam"]
[Black "Veltmann, Martin"]
[Result "0-1"]
[WhiteElo "1805"]
[BlackElo "1982"]
[PlyCount "74"]
[GameId "2160767911052418"]
[EventDate "2004.11.27"]
[EventType "tourn"]
[EventRounds "6"]
[EventCountry "CAN"]

1. e4 e6 2. Qe2 c5 3. Nf3 Nc6 4. g3 d6 5. Bg2 Nf6 6. d3 Be7 7. O-O O-O 8. c3 Qc7 9. Nbd2 b5 10. Re1 e5 11. a4 b4 12. Nc4 Rb8 13. h3 Re8 14. Bg5 h6 15. Bc1 Bf8 16. Nh4 Ba6 17. Ne3 Na5 18. Ng4 Nxg4 19. Qxg4 Kh8 20. Bf1 bxc3 21. bxc3 Nb3 22. Ra2 Nxc1 23. Rxc1 Rb3 24. Nf5 Qb6 25. Raa1 Qa5 26. c4 Bc8 27. Qf3 Rb4 28. Ne3 Be6 29. Nd5 Bxd5 30. exd5 Kg8 31. Qd1 g6 32. h4 Bg7 33. Ra2 Reb8 34. h5 Rb2 35. Rxb2 Rxb2 36. hxg6 fxg6 37. Qg4 Qd2 0-1

[Event "BGC #60"]
[Site "Toronto CAN"]
[Date "2005.01.02"]
[Round "4"]
[White "Veltmann, Martin"]
[Black "Manalo, Pepin"]
[Result "1-0"]
[WhiteElo "1982"]
[BlackElo "1774"]
[PlyCount "45"]
[GameId "2160767911052419"]
[EventDate "2004.11.27"]
[EventType "tourn"]
[EventRounds "6"]
[EventCountry "CAN"]

1. c4 Nf6 2. Nc3 c5 3. Nf3 d6 4. g3 Nc6 5. Bg2 e6 6. O-O d5 7. cxd5 exd5 8. d4 cxd4 9. Nxd4 Bc5 10. Nxc6 bxc6 11. e4 Ba6 12. Re1 d4 13. e5 Nd7 14. Ne4 O-O 15. Qh5 Bb4 16. Bg5 Qc7 17. Nf6+ Nxf6 18. Bxf6 Bd3 19. Be4 Bxe4 20. Rxe4 Bd2 21. Rd1 g6 22. Qh4 Qa5 23. Rxd4 1-0

[Event "BGC #60"]
[Site "Toronto CAN"]
[Date "2005.01.08"]
[Round "5"]
[White "Henry, Liam"]
[Black "Veltmann, Martin"]
[Result "1-0"]
[WhiteElo "2115"]
[BlackElo "1982"]
[PlyCount "65"]
[GameId "2160767911052420"]
[EventDate "2004.11.27"]
[EventType "tourn"]
[EventRounds "6"]
[EventCountry "CAN"]

1. e4 c5 2. Nf3 d6 3. d4 cxd4 4. Nxd4 Nf6 5. Nc3 e6 6. Bc4 Be7 7. Bb3 O-O 8. f4 a6 9. f5 e5 10. Nde2 Nc6 11. Ng3 Na5 12. Bg5 Nxb3 13. axb3 b5 14. Bxf6 Bxf6 15. Nd5 Bb7 16. O-O Bxd5 17. Qxd5 Qb6+ 18. Kh1 Rac8 19. c3 Rfd8 20. Nh5 Rc5 21. Nxf6+ gxf6 22. Qd2 Kf8 23. Rf3 Qb7 24. Rd3 Ke7 25. Rd1 Rc6 26. Rd5 Qb6 27. Qe2 Rc5 28. R5d3 a5 29. Rh3 a4 30. Rxh7 axb3 31. Rd3 b4 32. Rxf7+ Kxf7 33. Qh5+ 1-0

[Event "BGC #60"]
[Site "Toronto CAN"]
[Date "2005.01.17"]
[Round "6"]
[White "Veltmann, Martin"]
[Black "Laughlin, Steve"]
[Result "0-1"]
[WhiteElo "1982"]
[BlackElo "2005"]
[PlyCount "52"]
[GameId "2160767911052421"]
[EventDate "2004.11.27"]
[EventType "tourn"]
[EventRounds "6"]
[EventCountry "CAN"]

1. c4 e5 2. Nc3 d6 3. g3 f5 4. Bg2 Nf6 5. d3 c6 6. Nf3 Be7 7. O-O Qc7 8. Bg5 Be6 9. Rc1 Bf7 10. b4 Nbd7 11. b5 O-O 12. bxc6 bxc6 13. Nd2 Nc5 14. Na4 Ne6 15. Bxf6 Bxf6 16. e4 f4 17. c5 Rad8 18. Nb3 d5 19. exd5 cxd5 20. Re1 e4 21. Qc2 Bg5 22. dxe4 fxg3 23. exd5 Bg6 24. d6 Bxc2 25. dxc7 gxf2+ 26. Kh1 fxe1=Q+ 0-1

[Event "Battle of Alberta"]
[Site "Red Deer CAN"]
[Date "2004.08.07"]
[Round "1"]
[White "Boik, Andrew"]
[Black "Hinds, Ronald"]
[Result "1-0"]
[WhiteElo "2032"]
[BlackElo "1968"]
[PlyCount "51"]
[GameId "2160767911086352"]
[EventDate "2004.08.07"]
[EventRounds "2"]
[EventCountry "CAN"]
[SourceTitle "EXT 2006"]
[Source "ChessBase"]
[SourceDate "2005.11.24"]
[SourceVersion "1"]
[SourceVersionDate "2005.11.24"]
[SourceQuality "1"]

1. e4 c5 2. Nf3 e6 3. d4 cxd4 4. Nxd4 Nf6 5. Nc3 d6 6. g4 h6 7. h4 Be7 8. Rg1 d5 9. Bb5+ Kf8 10. e5 Nfd7 11. Bf4 a6 12. Bxd7 Bxd7 13. g5 hxg5 14. Bxg5 Bxg5 15. hxg5 g6 16. Qg4 Nc6 17. Nxc6 bxc6 18. O-O-O Rb8 19. Rh1 Rg8 20. Rh7 Qb6 21. Qf4 Be8 22. b3 Qb4 23. Qf3 Ke7 24. Kb2 Kf8 25. Rdh1 Ke7 26. R1h4 1-0

[Event "Battle of Alberta"]
[Site "Red Deer CAN"]
[Date "2004.08.07"]
[Round "1"]
[White "Li, Zhichao"]
[Black "Yam, Alex"]
[Result "1/2-1/2"]
[WhiteElo "2218"]
[BlackElo "2103"]
[PlyCount "88"]
[GameId "2160767911086353"]
[EventDate "2004.08.07"]
[EventRounds "2"]
[EventCountry "CAN"]
[SourceTitle "EXT 2006"]
[Source "ChessBase"]
[SourceDate "2005.11.24"]
[SourceVersion "1"]
[SourceVersionDate "2005.11.24"]
[SourceQuality "1"]

1. d4 Nf6 2. Nf3 b6 3. Bf4 Bb7 4. e3 e6 5. Nbd2 c5 6. Bd3 Nc6 7. c3 d5 8. h3 Bd6 9. Bxd6 Qxd6 10. O-O O-O 11. Qe2 e5 12. dxe5 Nxe5 13. Nxe5 Qxe5 14. Nf3 Qc7 15. Ba6 Bc6 16. Bb5 Bb7 17. Ba6 Rfe8 18. Bxb7 Qxb7 19. Rfd1 Rad8 20. b4 Ne4 21. Qb2 Qc7 22. a4 Nf6 23. a5 Ra8 24. Qa3 Rab8 25. Rab1 h6 26. Ne1 Red8 27. bxc5 bxc5 28. Nd3 c4 29. Rxb8 Qxb8 30. Nb4 Qb5 31. a6 Ne4 32. Qc1 Nc5 33. e4 Nxe4 34. Qe3 Qc5 35. Rd4 Nf6 36. Qf3 Rd6 37. Qf5 g6 38. Qf3 Kg7 39. g3 Rd7 40. Kg2 Rd6 41. Qf4 Re6 42. Qf3 Rd6 43. Qf4 Re6 44. Qf3 Rd6 1/2-1/2

[Event "Battle of Alberta"]
[Site "Red Deer CAN"]
[Date "2004.08.07"]
[Round "2"]
[White "Gardner, Robert"]
[Black "Neven, Knut"]
[Result "1-0"]
[WhiteElo "2261"]
[BlackElo "2285"]
[PlyCount "131"]
[GameId "2160767911086354"]
[EventDate "2004.08.07"]
[EventRounds "2"]
[EventCountry "CAN"]
[SourceTitle "EXT 2006"]
[Source "ChessBase"]
[SourceDate "2005.11.24"]
[SourceVersion "1"]
[SourceVersionDate "2005.11.24"]
[SourceQuality "1"]

1. g3 Nf6 2. Bg2 d5 3. Nf3 g6 4. O-O Bg7 5. d3 O-O 6. Nbd2 c5 7. c4 Nc6 8. Rb1 Qc7 9. cxd5 Nxd5 10. Nb3 b6 11. Nfd4 cxd4 12. Bxd5 Bh3 13. Re1 Rad8 14. Bh1 Qd7 15. Bd2 e5 16. Rc1 Rc8 17. Rc2 a5 18. Qb1 f5 19. Rec1 Rf6 20. Rc4 a4 21. Rxa4 f4 22. Rac4 fxg3 23. hxg3 Qf5 24. Bd5+ Kh8 25. f3 Qd7 26. Bxc6 Rfxc6 27. Rxc6 Rxc6 28. Rxc6 Qxc6 29. a3 Be6 30. Na1 h5 31. Qc1 Qd7 32. Nc2 Bd5 33. Kf2 Kh7 34. Nb4 Bb7 35. Qh1 Kg8 36. Qh4 Kf7 37. g4 hxg4 38. Qxg4 Qxg4 39. fxg4 Bf8 40. Nc2 Bc8 41. Kg3 Bd6 42. Kh3 Bb7 43. Ne1 b5 44. Nf3 Bxf3 45. exf3 Kf6 46. Bc1 Ke6 47. Kg2 Kd5 48. Kf2 Ke6 49. Ke2 Kd5 50. Kd1 Kc5 51. Bd2 Kc6 52. Kc2 Kd5 53. Kb3 Kc6 54. Bb4 Bc7 55. Bf8 Ba5 56. Bg7 Bc7 57. Kb4 Bd6+ 58. Ka5 Bc7+ 59. Ka6 Bd6 60. Bf6 Kc5 61. Kb7 b4 62. a4 b3 63. a5 Kb5 64. a6 Ba3 65. a7 Bxb2 66. a8=Q 1-0

[Event "Battle of Alberta"]
[Site "Red Deer CAN"]
[Date "2004.08.07"]
[Round "2"]
[White "Hinds, Ronald"]
[Black "Boik, Andrew"]
[Result "0-1"]
[WhiteElo "1968"]
[BlackElo "2032"]
[PlyCount "96"]
[GameId "2160767911086355"]
[EventDate "2004.08.07"]
[EventRounds "2"]
[EventCountry "CAN"]
[SourceTitle "EXT 2006"]
[Source "ChessBase"]
[SourceDate "2005.11.24"]
[SourceVersion "1"]
[SourceVersionDate "2005.11.24"]
[SourceQuality "1"]

1. e4 c5 2. Nf3 d6 3. d4 cxd4 4. Nxd4 Nf6 5. Nc3 a6 6. Bg5 e6 7. f4 Qb6 8. Qd2 Qxb2 9. Nb3 Qa3 10. Bxf6 gxf6 11. Be2 Nc6 12. O-O h5 13. Rad1 Be7 14. Kh1 Bd7 15. Bf3 Rc8 16. f5 Ne5 17. Be2 Qb4 18. Nb1 Qxe4 19. Nd4 Qd5 20. Qb4 Bc6 21. Nxc6 Qxc6 22. fxe6 fxe6 23. Qb3 Kd7 24. c4 Rhg8 25. Rf2 Rg5 26. Nd2 Ng4 27. Rf3 Ne5 28. Rf2 Rcg8 29. Qh3 f5 30. Bf3 Qb6 31. Re2 Nd3 32. Rf1 Nf4 33. Bc6+ Qxc6 34. Rxf4 Rg4 35. Rff2 Bg5 36. Qxh5 Be3 37. h3 Rg3 38. Rf3 Bc5 39. Qf7+ Kc8 40. Rxg3 Rxg3 41. Qxe6+ Kb8 42. Qxf5 Qa4 43. Qf8+ Ka7 44. Qf1 Rd3 45. Nb3 Qxc4 46. Nxc5 dxc5 47. Re3 Rc3 48. Rxc3 Qxf1+ 0-1

[Event "Battle of Alberta"]
[Site "Red Deer CAN"]
[Date "2004.08.07"]
[Round "2"]
[White "Neven, Knut"]
[Black "Gardner, Robert"]
[Result "0-1"]
[WhiteElo "2285"]
[BlackElo "2261"]
[PlyCount "104"]
[GameId "2160767911086356"]
[EventDate "2004.08.07"]
[EventRounds "2"]
[EventCountry "CAN"]
[SourceTitle "EXT 2006"]
[Source "ChessBase"]
[SourceDate "2005.11.24"]
[SourceVersion "1"]
[SourceVersionDate "2005.11.24"]
[SourceQuality "1"]

1. d4 d6 2. c4 e5 3. dxe5 dxe5 4. Qxd8+ Kxd8 5. Nf3 f6 6. Nc3 c6 7. g3 Be6 8. b3 Na6 9. Bg2 Kc7 10. O-O Rd8 11. Bb2 Nh6 12. Rac1 Nf5 13. e4 Nh6 14. Rfd1 Bc5 15. Na4 Ng4 16. Nxc5 Nxc5 17. Ne1 Bf7 18. h3 Nh6 19. f4 exf4 20. gxf4 Ne6 21. Bf3 Nxf4 22. Kh2 Be6 23. e5 f5 24. Kg3 Ng6 25. Rd6 Rhe8 26. Bh5 Nf7 27. Bxg6 hxg6 28. Rdd1 g5 29. Nf3 f4+ 30. Kg2 Rh8 31. Ng1 g4 32. hxg4 Bxg4 33. Rxd8 Rxd8 34. Nf3 Rd3 35. Rf1 Bxf3+ 36. Rxf3 Rd2+ 37. Rf2 Rxf2+ 38. Kxf2 Kd7 39. Kf3 g5 40. Ke4 Ke6 41. Bd4 a6 42. a4 Nh6 43. b4 Nf5 44. Bc3 Ng3+ 45. Kf3 Kf5 46. b5 g4+ 47. Kg2 Ne4 48. bxa6 bxa6 49. Bb2 f3+ 50. Kg1 g3 51. Bd4 f2+ 52. Kg2 Nd2 0-1

[Event "Battle of Alberta"]
[Site "Red Deer CAN"]
[Date "2004.08.07"]
[Round "2"]
[White "Yam, Alex"]
[Black "Li, Zhichao"]
[Result "0-1"]
[WhiteElo "2103"]
[BlackElo "2218"]
[PlyCount "132"]
[GameId "2160767911086357"]
[EventDate "2004.08.07"]
[EventRounds "2"]
[EventCountry "CAN"]
[SourceTitle "EXT 2006"]
[Source "ChessBase"]
[SourceDate "2005.11.24"]
[SourceVersion "1"]
[SourceVersionDate "2005.11.24"]
[SourceQuality "1"]

1. e4 c6 2. d4 d5 3. exd5 cxd5 4. c4 Nf6 5. Nc3 e6 6. Nf3 Bb4 7. Bd3 O-O 8. O-O dxc4 9. Bxc4 b6 10. Qb3 Bxc3 11. Qxc3 Bb7 12. Bg5 Nbd7 13. Qe3 h6 14. Bh4 Qc7 15. Rac1 Ng4 16. Bxe6 Nxe3 17. Rxc7 Nxf1 18. Rxb7 fxe6 19. Rxd7 g5 20. Kxf1 gxh4 21. Nxh4 Rf7 22. Rd6 Re8 23. Nf3 Rc7 24. Ne1 Kf7 25. d5 Rc5 26. dxe6+ Ke7 27. Rd7+ Kxe6 28. Rxa7 Rc1 29. Ra3 Kd5 30. Re3 Rxe3 31. fxe3 Ra1 32. Ke2 Rxa2 33. Nd3 Ra1 34. h3 Rh1 35. Ne1 Kc4 36. Kf2 b5 37. Ke2 b4 38. Kf2 Kb3 39. Nd3 Ra1 40. g4 Ra8 41. h4 Rb8 42. Kf3 Kc2 43. Ke2 b3 44. Nc5 Kxb2 45. Kf3 Kc2 46. Nxb3 Kxb3 47. g5 h5 48. Kf4 Kc4 49. g6 Kd5 50. Kg5 Ke6 51. e4 Rb4 52. Kxh5 Kf6 53. e5+ Kg7 54. Kg5 Re4 55. Kf5 Rxh4 56. Ke6 Kxg6 57. Kd5 Kf7 58. Kd6 Ke8 59. Ke6 Rh6+ 60. Kf5 Ke7 61. Kg5 Rh1 62. Kf5 Rf1+ 63. Ke4 Ke6 64. Kd4 Re1 65. Kd3 Kxe5 66. Kc4 Rd1 0-1

[Event "Bayview Games Club #35"]
[Site "Toronto CAN"]
[Date "2004.04.18"]
[Round "1"]
[White "Ferreira, Alex"]
[Black "Cohen, David"]
[Result "0-1"]
[WhiteElo "1791"]
[BlackElo "1864"]
[PlyCount "86"]
[GameId "2160767911166675"]
[EventDate "2004.04.18"]
[EventType "tourn"]
[EventRounds "5"]
[EventCountry "CAN"]

1. e4 c5 2. Nf3 d6 3. c3 Nf6 4. e5 Ng4 5. exd6 exd6 6. d4 Be7 7. h3 Nf6 8. d5 Bf5 9. Bd3 Bxd3 10. Qxd3 Na6 11. a3 Nc7 12. c4 Qd7 13. Nc3 O-O 14. b3 Rfb8 15. Bb2 b5 16. Rb1 bxc4 17. bxc4 Rb6 18. O-O Rab8 19. Ba1 Rb3 20. Nd2 R3b7 21. Nde4 Nxe4 22. Nxe4 Ne8 23. Rfe1 h6 24. g4 Qa4 25. Rxb7 Rxb7 26. Re3 Qd7 27. f4 Qd8 28. Kg2 Rb8 29. Qe2 Bh4 30. Bc3 Nf6 31. Ng3 Nd7 32. Nf5 Bf6 33. Nxd6 Bxc3 34. Re8+ Qxe8 35. Nxe8 Rb2 36. Qxb2 Bxb2 37. a4 Kf8 38. Nd6 a6 39. Kf3 Ke7 40. Nb7 Bd4 41. h4 Nb6 42. Ke4 Nxc4 43. g5 hxg5 0-1

[Event "Bayview Games Club #35"]
[Site "Toronto CAN"]
[Date "2004.04.25"]
[Round "2"]
[White "Ollers, Ian"]
[Black "Cohen, David"]
[Result "0-1"]
[WhiteElo "1703"]
[BlackElo "1864"]
[PlyCount "140"]
[GameId "2160767740575970"]
[EventDate "2004.04.18"]
[EventType "tourn"]
[EventRounds "5"]
[EventCountry "CAN"]

1. d4 g6 2. c4 Bg7 3. Nc3 Nf6 4. e4 d6 5. Nf3 O-O 6. Be2 Nbd7 7. O-O e5 8. d5 Nc5 9. Nd2 a5 10. b3 Ne8 11. Rb1 f5 12. a3 Nf6 13. f3 f4 14. b4 axb4 15. axb4 Ncd7 16. Nb3 b6 17. Bb2 Nh5 18. Ra1 Rxa1 19. Qxa1 Qe7 20. Qa7 Ndf6 21. Nb5 Ne8 22. Ra1 Qg5 23. c5 bxc5 24. bxc5 Bh3 25. Bf1 Ng3 26. hxg3 fxg3 27. cxd6 Bg4 28. Be2 cxd6 29. Bc1 Qh4 30. Qe3 h5 31. Ra8 Bd7 32. Rb8 g5 33. Ba3 g4 34. Nxd6 gxf3 35. Bxf3 Bh6 36. Qb6 Qh2+ 37. Kf1 Rxf3+ 38. gxf3 g2+ 39. Ke2 g1=Q+ 40. Kd3 Qxb6 41. Rxb6 Bf4 42. Nxe8 Bxe8 43. Rb8 Kf7 44. Rb7+ Kg6 45. Rb6+ Kg7 46. Rb7+ Bf7 47. d6 Qf2 48. d7 Qxf3+ 49. Kc2 Qxe4+ 50. Kc3 Qxb7 51. Nc5 Qd5 52. Kb4 Bd2+ 53. Kb5 Bg5 54. Kb6 Bd8+ 55. Kb5 Qc4+ 56. Kc6 Kf6 57. Kb7 Qb5+ 58. Kc8 Qb6 59. Ne4+ Kg6 60. Bd6 Be6 61. Nc5 Qc6+ 62. Kxd8 Qxd6 63. Ke8 Bf7+ 64. Kd8 Qf8+ 65. Kc7 Qxc5+ {etc. The following moves were probably made to reach the final position:} 66. Kd8 Be6 67. Ke8 Qc6 68. Kf8 Qf3+ 69. Ke8 Qf7+ 70. Kd8 Qxd7# {Black's flag was down, so White claimed a win on time, but TD Vladimir Dobrich ruled that no claim could be made since the game was over.} 0-1

[Event "Bayview Games Club #35"]
[Site "Toronto CAN"]
[Date "2004.04.29"]
[Round "3"]
[White "Lucki, Arnie"]
[Black "Cohen, David"]
[Result "1-0"]
[WhiteElo "1855"]
[BlackElo "1864"]
[PlyCount "65"]
[GameId "2160767911166676"]
[EventDate "2004.04.18"]
[EventType "tourn"]
[EventRounds "5"]
[EventCountry "CAN"]

1. d4 g6 2. e4 Bg7 3. Nf3 d6 4. Bc4 Nd7 5. Bxf7+ Kxf7 6. Ng5+ Ke8 7. Ne6 Ngf6 8. Nc3 Nb6 9. Nxd8 Kxd8 10. O-O Bg4 11. f3 Bd7 12. e5 Nh5 13. g4 dxe5 14. dxe5 Bxe5 15. gxh5 gxh5 16. Rf2 c5 17. Be3 Bd6 18. Ne4 Nc4 19. Bxc5 Bxc5 20. Nxc5 Rg8+ 21. Kh1 Nd6 22. Qd5 Rg6 23. Nxb7+ Kc7 24. Nxd6 Bc6 25. Qxh5 Rxd6 26. Qxh7 Rd7 27. Re1 e5 28. Qxd7+ Kxd7 29. Rxe5 Rg8 30. Re3 Ba8 31. Rg2 Rf8 32. Rg7+ Kd6 33. Kg2 1-0

[Event "Bayview Games Club #35"]
[Site "Toronto CAN"]
[Date "2004.05.02"]
[Round "4"]
[White "Cohen, David"]
[Black "Henderson, Fred"]
[Result "1-0"]
[WhiteElo "1864"]
[BlackElo "1799"]
[PlyCount "37"]
[GameId "2160767911166677"]
[EventDate "2004.04.18"]
[EventType "tourn"]
[EventRounds "5"]
[EventCountry "CAN"]

1. e4 c5 2. Nf3 d6 3. d4 cxd4 4. Nxd4 Nf6 5. Nc3 e6 6. Be2 Be7 7. O-O Nc6 8. Be3 Bd7 9. Ndb5 Qb8 10. Qd2 a6 11. Nd4 O-O 12. Rad1 Qc7 13. f4 Nxd4 14. Bxd4 e5 15. fxe5 dxe5 16. Be3 Bc5 17. Bxc5 Qxc5+ 18. Kh1 Qe7 19. Rxf6 1-0

[Event "Bayview Games Club #35"]
[Site "Toronto CAN"]
[Date "2004.05.03"]
[Round "5"]
[White "Cohen, David"]
[Black "Pimentel, Sheldon"]
[Result "1-0"]
[WhiteElo "1864"]
[BlackElo "1816"]
[PlyCount "83"]
[GameId "2160767911166678"]
[EventDate "2004.04.18"]
[EventType "tourn"]
[EventRounds "5"]
[EventCountry "CAN"]

1. e4 c5 2. Nf3 d6 3. d4 cxd4 4. Nxd4 Nf6 5. Nc3 Nc6 6. Be2 e6 7. Be3 a6 8. O-O Qc7 9. a4 Be7 10. f4 Nxd4 11. Bxd4 b6 12. e5 dxe5 13. fxe5 Nd7 14. Bh5 g6 15. Qf3 O-O 16. Ne4 Bb7 17. Rae1 Bxe4 18. Rxe4 Qc6 19. Rf4 Qxf3 20. Bxf3 Rac8 21. c3 Nc5 22. Bxc5 Rxc5 23. Re1 Rd8 24. Re2 Bf8 25. Rb4 Ra5 26. Rc4 Bc5+ 27. Kf1 Rd1+ 28. Re1 Rxe1+ 29. Kxe1 Bg1 30. g3 Rxe5+ 31. Kf1 Bc5 32. b4 Bf8 33. Rc6 Re3 34. Be2 a5 35. Rxb6 Rxc3 36. bxa5 Bc5 37. Rb7 Bd4 38. a6 Kg7 39. a7 Rc8 40. Rd7 Ra8 41. Rxd4 Rxa7 42. Bb5 1-0

[Event "Blackburn op"]
[Site "Blackburn Hamlet CAN"]
[Date "2004.12.11"]
[Round "1"]
[White "Danilov, Alex"]
[Black "Pacey, Kevin"]
[Result "0-1"]
[WhiteElo "1920"]
[BlackElo "2257"]
[PlyCount "50"]
[GameId "2160767911031877"]
[EventDate "2004.12.11"]
[EventType "swiss"]
[EventRounds "5"]
[EventCountry "CAN"]

1. c4 e6 2. Nf3 d5 3. b3 c5 4. e3 Nc6 5. Bb2 Nf6 6. g3 Be7 7. Bg2 O-O 8. O-O b6 9. cxd5 Nxd5 10. d4 Ba6 11. Re1 Rc8 12. a3 cxd4 13. e4 Nf6 14. Nxd4 Nxd4 15. Bxd4 Qc7 16. e5 Nd7 17. Nc3 Rfd8 18. Rc1 Qb8 19. Qf3 Bxa3 20. Ra1 Bc5 21. Bxc5 Nxc5 22. b4 Bb7 23. Qe2 Nd3 24. Red1 Rxc3 25. Bxb7 Qxb7 0-1

[Event "Blackburn op"]
[Site "Blackburn Hamlet CAN"]
[Date "2004.12.11"]
[Round "2"]
[White "Pacey, Kevin"]
[Black "Mai, Lloyd"]
[Result "1-0"]
[WhiteElo "2257"]
[BlackElo "1952"]
[PlyCount "69"]
[GameId "2160767911031878"]
[EventDate "2004.12.11"]
[EventType "swiss"]
[EventRounds "5"]
[EventCountry "CAN"]

1. d4 g6 2. e4 Bg7 3. Nc3 d6 4. f4 Nf6 5. Nf3 c5 6. dxc5 Qa5 7. Bd3 Qxc5 8. Qe2 O-O 9. Be3 Qa5 10. O-O Nc6 11. Kh1 Be6 12. a3 d5 13. e5 Ng4 14. Bg1 h5 15. Ng5 Bc8 16. h3 Nh6 17. e6 f5 18. Qe1 a6 19. Rd1 Rd8 20. Qg3 d4 21. Nb1 Qd5 22. c4 Qd6 23. Rfe1 Rf8 24. Nd2 Rf6 25. Ndf3 Bxe6 26. Nxd4 Bd7 27. Ndf3 Qc7 28. b4 Rd8 29. b5 Na5 30. Ne5 Be8 31. bxa6 bxa6 32. c5 Nc6 33. Nxc6 Qxc6 34. Bc4+ Nf7 35. Rxd8 1-0

[Event "Blackburn op"]
[Site "Blackburn Hamlet CAN"]
[Date "2004.12.11"]
[Round "3"]
[White "Barclay, Wayne"]
[Black "Pacey, Kevin"]
[Result "1/2-1/2"]
[WhiteElo "2219"]
[BlackElo "2257"]
[PlyCount "131"]
[GameId "2160767911031879"]
[EventDate "2004.12.11"]
[EventType "swiss"]
[EventRounds "5"]
[EventCountry "CAN"]

1. e4 d6 2. d4 Nf6 3. Nc3 g6 4. g3 Bg7 5. Bg2 O-O 6. Nge2 Nc6 7. d5 Ne5 8. f4 Nc4 9. Qd3 Nb6 10. a4 a5 11. O-O Bd7 12. h3 c6 13. dxc6 bxc6 14. Be3 Qc7 15. Kh2 Rfd8 16. Rad1 Bc8 17. b3 Ba6 18. Qd2 Nbd7 19. Qe1 Bb7 20. g4 Rf8 21. Bf3 e6 22. Qg3 d5 23. e5 Ne8 24. g5 Ba6 25. Rf2 Rb8 26. Kg2 c5 27. Bc1 Rb4 28. Ba3 Nxe5 29. Bxd5 exd5 30. Nxd5 Bb7 31. Bxb4 cxb4 32. fxe5 Qxc2 33. Qd3 Qxd3 34. Rxd3 Nc7 35. Nef4 Nxd5 36. Nxd5 Rc8 37. Rfd2 Bxe5 38. Kf2 Rc1 39. Ne7+ Kf8 40. Rd8+ Kxe7 41. R8d7+ Ke6 42. Rxb7 Rc3 43. Rb6+ Kf5 44. Rb5 Kf4 45. Rxa5 Rxb3 46. Rd7 Rf3+ 47. Ke2 Re3+ 48. Kd1 b3 49. Rxf7+ Kxg5 50. Rb7 Kf4 51. Rab5 Rd3+ 52. Ke2 Re3+ 53. Kf2 b2 54. Rb4+ Re4 55. Rxe4+ Kxe4 56. Ke2 Bc3 57. Kd1 Kd3 58. Rd7+ Bd4 59. Rb7 Bc3 60. Rb3 g5 61. a5 Kc4 62. Kc2 Bxa5 63. Rb7 h5 64. Rg7 g4 65. Rg5 Bd8 66. Rxh5 1/2-1/2

[Event "Blackburn op"]
[Site "Blackburn Hamlet CAN"]
[Date "2004.12.12"]
[Round "4"]
[White "Pacey, Kevin"]
[Black "Gordon, David"]
[Result "1-0"]
[WhiteElo "2257"]
[BlackElo "2209"]
[PlyCount "54"]
[GameId "2160767911031880"]
[EventDate "2004.12.11"]
[EventType "swiss"]
[EventRounds "5"]
[EventCountry "CAN"]

1. f4 b6 2. b3 Bb7 3. Bb2 c5 4. e3 e6 5. Nf3 Nf6 6. Bd3 Be7 7. O-O O-O 8. Nc3 Nc6 9. a3 d5 10. Qe1 Rc8 11. Qg3 Qc7 12. Qh3 Rfd8 13. g4 g6 14. Ng5 Qd7 15. Rf3 e5 16. f5 h5 17. gxh5 Nxh5 18. Nxf7 e4 19. Nxe4 dxe4 20. Bc4 exf3 21. Ne5+ Qd5 22. Nxg6 Qxc4 23. bxc4 f2+ 24. Kxf2 Bf6 25. Bxf6 Nxf6 26. d3 Kg7 27. Rg1 Rg8 1-0

[Event "Blackburn op"]
[Site "Blackburn Hamlet CAN"]
[Date "2004.12.12"]
[Round "5"]
[White "Valdizon, Armando"]
[Black "Pacey, Kevin"]
[Result "1-0"]
[WhiteElo "2246"]
[BlackElo "2257"]
[PlyCount "125"]
[GameId "2160767911031881"]
[EventDate "2004.12.11"]
[EventType "swiss"]
[EventRounds "5"]
[EventCountry "CAN"]

1. Nf3 d5 2. c4 e6 3. g3 Nf6 4. Bg2 Be7 5. d4 O-O 6. O-O c5 7. cxd5 exd5 8. Nc3 Nc6 9. dxc5 Bxc5 10. Bg5 d4 11. Bxf6 Qxf6 12. Ne4 Qe7 13. Nxc5 Qxc5 14. Rc1 Qb6 15. Qd2 Be6 16. b3 Bd5 17. Rfd1 Rad8 18. Ne1 Bxg2 19. Kxg2 Rfe8 20. Qb2 Re4 21. Rd2 Rde8 22. Rc4 Qb5 23. Nd3 Qd5 24. Rc5 Qd6 25. b4 h6 26. b5 Ne7 27. Rc4 Qd5 28. Rc5 Qd6 29. Rcc2 Nf5 30. Kg1 R4e7 31. Qb4 Qe6 32. Nf4 Qe4 33. Nd3 h5 34. Nf4 h4 35. Qb3 Rd7 36. Qd3 Qe5 37. a4 g6 38. Qf3 hxg3 39. hxg3 Kg7 40. Nd3 Qe7 41. Rc5 Rh8 42. Rdc2 b6 43. Re5 Qa3 44. Qg4 Rh5 45. Kg2 Rd8 46. Rc7 Qa1 47. Rc1 Qxa4 48. Qe4 Rdh8 49. Qd5 Rh2+ 50. Kf3 a6 51. Rxf5 gxf5 52. Qe5+ Kh7 53. Qxf5+ Kg7 54. Qg5+ Kh7 55. Qf5+ Kg7 56. Rc7 Rf8 57. Qg5+ Kh7 58. Qe7 Kg7 59. Nf4 Qxb5 60. Ne6+ Kh7 61. Nxf8+ Kg7 62. Qxf7+ Kh8 63. Qg7# 1-0

[Event "Blizzards of London"]
[Site "London CAN"]
[Date "2004.01.31"]
[Round "1"]
[White "Zendrowski, Jay"]
[Black "Rachar, Sean"]
[Result "1-0"]
[WhiteElo "2263"]
[BlackElo "1435"]
[PlyCount "33"]
[GameId "2160767911192182"]
[EventDate "2004.01.31"]
[EventType "swiss"]
[EventRounds "4"]
[EventCountry "CAN"]

1. d4 d5 2. c4 c6 3. Nf3 Bf5 4. Nc3 Nf6 5. cxd5 cxd5 6. Qb3 b6 7. Bg5 e6 8. e4 dxe4 9. Bb5+ Ke7 10. Ne5 Qxd4 11. Nd7 Bg4 12. O-O Nbxd7 13. Rad1 Bxd1 14. Rxd1 Nc5 15. Rxd4 Nxb3 16. Rd7+ Ke8 17. Rxa7+ 1-0

[Event "Bolduc III - section A"]
[Site "Montreal CAN"]
[Date "2004.03.22"]
[Round "1"]
[White "Bolduc, Steve"]
[Black "Tremblay, Alain"]
[Result "0-1"]
[WhiteElo "2259"]
[BlackElo "2012"]
[PlyCount "139"]
[GameId "2160767911175237"]
[EventDate "2004.03.22"]
[EventType "tourn"]
[EventRounds "9"]
[EventCountry "CAN"]
[SourceTitle "EXT 2006"]
[Source "ChessBase"]
[SourceDate "2005.11.24"]
[SourceVersion "1"]
[SourceVersionDate "2005.11.24"]
[SourceQuality "1"]

1. d4 e6 2. c4 Nf6 3. Nc3 b6 4. e4 d5 5. e5 Ne4 6. Bd3 Bb7 7. cxd5 Nxc3 8. bxc3 Qxd5 9. Nf3 c5 10. O-O cxd4 11. cxd4 Be7 12. Re1 Qd7 13. Ng5 Nc6 14. Be4 Rd8 15. Qh5 Bxg5 16. Bxg5 Ne7 17. d5 Bxd5 18. Bxd5 Nxd5 19. Bxd8 Qxd8 20. Rad1 Qc8 21. Qg4 O-O 22. Rd3 Ne7 23. Red1 Nf5 24. Qg5 h6 25. Qd8 Qc6 26. Qd7 Qe4 27. Qc7 Qa4 28. R3d2 Kh7 29. Qc2 Qg4 30. h3 Qg6 31. Qe4 Rc8 32. Qg4 h5 33. Qxg6+ Kxg6 34. Kh2 Rc4 35. Re2 b5 36. Rde1 Ra4 37. Rb2 a6 38. Kg1 Kg5 39. g3 h4 40. f4+ Kg6 41. g4 Ne7 42. Rf2 Nd5 43. f5+ Kg5 44. Kh2 Nf4 45. fxe6 fxe6 46. Re3 Nd5 47. Rd3 Nf4 48. Re3 Nd5 49. Ref3 Nf4 50. Rd2 Re4 51. Rd7 g6 52. Rf7 Re2+ 53. Kg1 Re1+ 54. Kf2 Re2+ 55. Kf1 Re4 56. Ra7 Ra4 57. a3 Kh6 58. Ke1 Kg5 59. Kd2 Nd5 60. Kc2 Nf4 61. Kb3 Nd5 62. Rd7 Nb6 63. Re7 Nc4 64. Ka2 Nxe5 65. Rb3 Kf6 66. Rb7 g5 67. Re3 Ng6 68. Kb3 Rd4 69. Ra7 Ra4 70. Rc7 0-1